000 01431cam a22002891i 4500
003 SA-RiAUC
005 20241211133649.0
008 241210s1985____su g b 000r0bara c
040 _aSA-RiKSU
_bara
_cSA-RiAUC
_erda
082 0 4 _a239.6
_qSA-RiAUC
090 _a239.6
_b ع ز ا
100 1 _aالعزامي، خليل إبراهيم ملا خاطر،
_d1357 هجري-
_eمؤلف.
245 1 0 _aعظيم قدرة صلى الله عليه وسلم ورفعة مكانته عند ربه عز وجل /
_cتأليف خليل إبراهيم ملا خاطر العزامي.
250 _aالطبعة السادسة.
264 1 _a[مكان النشر غير محدد] :
_b[الناشر غير محدد]،
_c[1985]
264 3 _aجدة، السعودية :
_bمطابع سحر
300 _a167 صفحة ؛
_c24 سم
336 _aنص
_btxt
_2rdacontent
_3كتاب
337 _aبدون وسيط
_bn
_2rdamedia
338 _aمجلد
_bnc
_2rdacarrier
505 0 _aالمحتويات : ملخص لمائة خصلة انفرد بها صلى الله عليه وسلم عن بقية الأنبياء السابقين عليهم السلام.
600 0 7 _aمحمد (صلى الله عليه وسلم)،
_d53 قبل الهجرة-11 هجري
_xأخلاق
_2aucnm
650 7 _aأخلاق الرسول
_2aucsh
650 7 _aالسيرة النبوية
_2aucsh
942 _2ddc
_cBOOK
_n0
949 _aSA-JeALM
_d241210
_umohamedma123
_n1
999 _c3342
_d3342